000 00780nam a22002297a 4500
999 _c14463
_d14463
003 AR-CdUCM
008 190423b ||||| |||| 00| 0 spa d
020 _a978-607-618-456-1
040 _aMUNICIPALIDAD PROVINCIAL DEL CUSCO
_cBIBLIOTECA MUNICIPAL DEL CUSCO
082 _aPI / 376.1 /
_bD82
110 _aDisney Enterprises
_933259
245 _aEl adorable Olaf :
_buna aventura congelada /
260 _aMexico :
_bAdvanced marketing,
_c2015.
300 _a8 paginas ;
_bIlustraciones,
_c25 cm.
500 _aTitulo original : Frozen, melt my heart
650 _aFrozen
_933260
650 _aAventura sobre hielo
_933261
650 _aCuento sobre hielo
_933262
700 _aTorre, Adriana de la (Traducción)
_933263
942 _2ddc
_cLIBROS
945 _awnts
_d2019-04-23